[Event "FRA-ch op-A"]
[Site "Albi"]
[Date "2022.08.13"]
[Round "1"]
[White "Auffray Bonnet, Gaspard"]
[Black "Pourquet, Matthieu"]
[Result "0-1"]
[WhiteElo "2046"]
[BlackElo "2190"]
[PlyCount "62"]
[EventDate "2022.08.13"]
[EventType "swiss"]
[EventRounds "9"]
[EventCountry "FRA"]
[SourceTitle "CBM 210 Extra"]
[Source "ChessBase"]
[SourceDate "2022.11.30"]
[SourceVersion "1"]
[SourceVersionDate "2022.11.30"]
[SourceQuality "1"]

1. e4 g6 2. d4 Bg7 3. Nc3 d6 4. Be3 a6 5. Qd2 b5 6. f3 Nf6 7. g4 h5 8. g5 Nfd7 9. 0-0-0 b4 10. Nd5 a5 11. Bf2 e6 12. Ne3 Qxg5 13. f4 Qxf4 14. Nh3 Qf6 15. Bg2 e5 16. Nd5 Qd8 17. Qe1 c6 18. Ne3 Ba6 19. dxe5 Bxe5 20. Bh4 Qb6 21. Kb1 Nc5 22. Ng5 Na4 23. Qf2 0-0 24. Qf3 Be2 25. Qh3 Nc3+ 26. Ka1 Nxd1 27. Nf5 Nxb2 28. Nh6+ Kg7 29. Nf5+ Kh8 30. Nf3 Bxf3 31. Qxf3 Nc4+ 0-1

[Event "FRA-ch U16"]
[Site "Agen"]
[Date "2022.04.22"]
[Round "7"]
[White "Auffray Bonnet, Gaspard"]
[Black "Trabet, Mathis"]
[Result "1/2-1/2"]
[WhiteElo "2081"]
[BlackElo "2115"]
[PlyCount "148"]
[EventDate "2022.04.16"]
[EventType "swiss"]
[EventRounds "9"]
[EventCountry "FRA"]
[SourceTitle "EXT 2023"]
[Source "ChessBase"]
[SourceDate "2022.10.05"]
[SourceVersion "1"]
[SourceVersionDate "2022.10.05"]
[SourceQuality "1"]

1. e4 c5 2. Nf3 e6 3. d4 cxd4 4. Nxd4 Nc6 5. g3 d5 6. Bg2 Nf6 7. exd5 exd5 8. 0-0 Be7 9. Re1 0-0 10. Nxc6 bxc6 11. c4 Be6 12. cxd5 Bxd5 13. Nc3 Bxg2 14. Kxg2 Qc7 15. Qf3 Rfd8 16. Bf4 Qb7 17. Rac1 Rac8 18. Re2 Nd5 19. Be5 Nxc3 20. Bxc3 Bf8 21. a3 Rd5 22. Rce1 Qd7 23. h4 Rd8 24. Re5 Rxe5 25. Rxe5 Re8 26. Rxe8 Qxe8 27. Qf5 h6 28. h5 Qe2 29. Qe5 Qc4 30. Qd4 Qa6 31. g4 Qe2 32. Qf4 Bc5 33. Qf5 Qc4 34. g5 hxg5 35. h6 gxh6 36. Qf6 Qg4+ 37. Kh1 Qd1+ 38. Kg2 Qg4+ 39. Kh1 Qd1+ 40. Kg2 Qd5+ 41. Kg1 Kf8 42. Qxh6+ Ke8 43. Qh8+ Kd7 44. Qf6 Be7 45. Qg7 c5 46. Qh6 Qe6 47. Qh5 g4 48. Qh8 Bd8 49. Qh1 Bc7 50. Qb7 Qd6 51. Qe4 g3 52. Qg4+ Kc6 53. Qa4+ Kb7 54. Qb5+ Bb6 55. fxg3 Qxg3+ 56. Kf1 Qc7 57. a4 a6 58. Qc4 Ka7 59. Ke2 f5 60. Qe6 Qh2+ 61. Kd1 Qh1+ 62. Kd2 Qg2+ 63. Kd1 Qf3+ 64. Kd2 Qf4+ 65. Ke2 Qxa4 66. Qf7+ Ka8 67. Qf8+ Kb7 68. Qf7+ Bc7 69. Qxf5 Qc6 70. Kd1 a5 71. Kc2 a4 72. Qg4 Bb6 73. Qc4 Ba7 74. Kb1 Bb6 1/2-1/2